[Event "World Amateur-ch"]
[Site "Mellieha"]
[Date "2022.10.24"]
[Round "4"]
[White "Michalek, Michal"]
[Black "Khamidov, Komil"]
[Result "0-1"]
[WhiteElo "2153"]
[BlackElo "2035"]
[PlyCount "64"]
[EventDate "2022.10.21"]
[EventType "swiss"]
[EventRounds "9"]
[EventCountry "MLT"]
[SourceTitle "EXT 2024"]
[Source "ChessBase"]
[SourceDate "2023.10.10"]
[SourceVersion "1"]
[SourceVersionDate "2023.10.10"]
[SourceQuality "1"]

1. Nf3 d5 2. g3 Nf6 3. Bg2 e6 4. c4 dxc4 5. Qa4+ Bd7 6. Qxc4 Bc6 7. 0-0 b5 8. Qc2 b4 9. d3 Be7 10. Nbd2 0-0 11. Nc4 a5 12. Nce5 Bb7 13. Be3 Nfd7 14. d4 c5 15. dxc5 Nxe5 16. Nxe5 Bxg2 17. Kxg2 Qd5+ 18. Nf3 Rc8 19. Rfd1 Qc6 20. Rac1 Nd7 21. Rd4 Rc7 22. Rc4 Rac8 23. Qb3 Qd5 24. c6 Ne5 25. R4c2 Qe4 26. Bf4 Rxc6 27. Rxc6 Rxc6 28. Rxc6 Nxc6 29. Qd1 g5 30. Bd6 Bxd6 31. Qxd6 g4 32. Qd2 gxf3+ 0-1

[Event "Warsaw Maciei Memorial"]
[Site "Warsaw"]
[Date "2022.07.08"]
[Round "11"]
[White "Lee, Hyuk1111"]
[Black "Khamidov, Komil"]
[Result "1-0"]
[WhiteElo "1880"]
[BlackElo "2068"]
[PlyCount "77"]
[EventDate "2022.07.08"]
[EventType "swiss (blitz)"]
[EventRounds "11"]
[EventCountry "POL"]
[SourceTitle "CBM 209 Extra"]
[Source "ChessBase"]
[SourceDate "2022.09.30"]
[SourceVersion "1"]
[SourceVersionDate "2022.09.30"]
[SourceQuality "1"]

1. e4 e5 2. Nf3 Nc6 3. Bc4 Nf6 4. d4 exd4 5. e5 d5 6. Bb5 Ne4 7. Nxd4 Bd7 8. Bxc6 bxc6 9. Be3 Bc5 10. 0-0 Bb6 11. f3 Ng5 12. f4 Ne4 13. Nd2 c5 14. N4f3 Nxd2 15. Qxd2 Bc6 16. f5 Qd7 17. Ng5 h6 18. e6 fxe6 19. fxe6 Qe7 20. Rf7 Qd6 21. Bf4 Qd8 22. Nf3 Rf8 23. Rxg7 c4+ 24. Kh1 Qf6 25. Be5 Qf5 26. Bxc7 Rf6 27. Bxb6 axb6 28. Rg8+ Rf8 29. Rxf8+ Kxf8 30. Qxh6+ Ke7 31. Qg7+ Kd6 32. Re1 d4 33. Qxd4+ Kc7 34. Ne5 Rf8 35. Rg1 Be4 36. Qd7+ Kb8 37. Nc6+ Bxc6 38. Qxc6 Re8 39. Qxe8+ 1-0

[Event "POL-chT Academic"]
[Site "Katowice"]
[Date "2018.02.03"]
[Round "3.21"]
[White "Stankiewicz, Pawel"]
[Black "Khamidov, Komil"]
[Result "1-0"]
[WhiteElo "2138"]
[BlackElo "2068"]
[PlyCount "42"]
[EventDate "2018.02.03"]
[EventType "team-swiss (rapid)"]
[EventRounds "9"]
[EventCountry "POL"]
[SourceTitle "CBM 182 Extra"]
[Source "ChessBase"]
[SourceDate "2018.02.23"]
[SourceVersion "1"]
[SourceVersionDate "2018.02.23"]
[SourceQuality "1"]
[WhiteTeam "Wroclaw UE"]
[BlackTeam "Warszawa ALK"]
[WhiteTeamCountry "POL"]
[BlackTeamCountry "POL"]

1. e4 d5 2. exd5 Nf6 3. c4 c6 4. dxc6 Nxc6 5. Nf3 e5 6. d3 Bc5 7. Be2 Qb6 8. 0-0 Ng4 9. Qe1 Nb4 10. Na3 Bf5 11. d4 exd4 12. Nh4 0-0 13. Nxf5 Nxf2 14. Qxf2 d3 15. Be3 Bxe3 16. Qxe3 dxe2 17. Rfe1 Qf6 18. Nd4 Rfe8 19. Qc3 a5 20. Rxe2 Rxe2 21. Nxe2 Qg6 1-0

[Event "Suwalki Warakomska Memorial 1st"]
[Site "Suwalki"]
[Date "2017.08.12"]
[Round "2"]
[White "Khamidov, Komil"]
[Black "Czerw, Dawid"]
[Result "0-1"]
[WhiteElo "2110"]
[BlackElo "2222"]
[PlyCount "50"]
[EventDate "2017.08.11"]
[EventType "swiss"]
[EventRounds "9"]
[EventCountry "POL"]
[SourceTitle "CBM 180 Extra"]
[Source "ChessBase"]
[SourceDate "2017.10.06"]
[SourceVersion "1"]
[SourceVersionDate "2017.10.06"]
[SourceQuality "1"]

1. Nf3 c5 2. e4 Nc6 3. d4 cxd4 4. Nxd4 g6 5. Be3 Nf6 6. Nc3 Bg7 7. Nxc6 bxc6 8. e5 Ng8 9. Bd4 f6 10. f4 Qa5 11. Qe2 fxe5 12. Bxe5 Nf6 13. a3 0-0 14. b4 Qd8 15. Rd1 d5 16. h3 Nh5 17. Bxg7 Nxg7 18. Qe5 Rf5 19. Qe3 e5 20. fxe5 Qe7 21. e6 Rf6 22. Be2 Rxe6 23. Qd3 Re3 24. Qd2 Qh4+ 25. Kf1 Qf6+ 0-1

[Event "Suwalki Warakomska Memorial 1st"]
[Site "Suwalki"]
[Date "2017.08.11"]
[Round "1"]
[White "Plichta, Kamil"]
[Black "Khamidov, Komil"]
[Result "1-0"]
[WhiteElo "2341"]
[BlackElo "2110"]
[PlyCount "77"]
[EventDate "2017.08.11"]
[EventType "swiss"]
[EventRounds "9"]
[EventCountry "POL"]
[SourceTitle "CBM 180 Extra"]
[Source "ChessBase"]
[SourceDate "2017.10.06"]
[SourceVersion "1"]
[SourceVersionDate "2017.10.06"]
[SourceQuality "1"]

1. e4 e5 2. Nf3 Nc6 3. d3 Bc5 4. g3 Nge7 5. Bg2 0-0 6. 0-0 d6 7. c3 Bb6 8. Na3 h6 9. Nc4 f5 10. exf5 Bxf5 11. a4 Be6 12. a5 Bxc4 13. axb6 Be6 14. bxc7 Qxc7 15. Re1 d5 16. Qe2 Ng6 17. Nd4 Bf7 18. Nxc6 bxc6 19. Be3 a5 20. Bc5 Rfe8 21. Ra3 Nf8 22. Bxf8 Kxf8 23. Rea1 Reb8 24. b4 Rb5 25. bxa5 Rbxa5 26. Rxa5 Rxa5 27. Rxa5 Qxa5 28. Qxe5 Qa1+ 29. Bf1 Kg8 30. Kg2 Kh7 31. h4 Qd1 32. Be2 Qe1 33. h5 d4 34. c4 c5 35. Qf5+ Kg8 36. Qc8+ Kh7 37. Bf3 Qe7 38. Be4+ g6 39. Qg4 1-0

[Event "Lvov Tradition IM-A"]
[Site "Lvov"]
[Date "2017.03.25"]
[Round "8"]
[White "Burnett, Andrew"]
[Black "Khamidov, Komil"]
[Result "1-0"]
[WhiteElo "2162"]
[BlackElo "2135"]
[PlyCount "53"]
[EventDate "2017.03.21"]
[EventType "tourn"]
[EventRounds "9"]
[EventCountry "UKR"]
[SourceTitle "CBM 177 Extra"]
[Source "ChessBase"]
[SourceDate "2017.04.27"]
[SourceVersion "1"]
[SourceVersionDate "2017.04.27"]
[SourceQuality "1"]

1. d4 d5 2. c4 e6 3. Nf3 Nf6 4. Nc3 Nbd7 5. cxd5 exd5 6. Bf4 c6 7. e3 Be7 8. Qc2 0-0 9. 0-0-0 Nh5 10. Bd3 Nxf4 11. exf4 Nf6 12. Ne5 g6 13. f5 Nh5 14. Ne2 Qd6 15. g4 Bg5+ 16. Kb1 Nf4 17. h4 Nxe2 18. Qxe2 Bf4 19. Qf3 Bxe5 20. dxe5 Qxe5 21. Rhe1 Qd6 22. f6 a5 23. h5 Bd7 24. g5 a4 25. Re7 Rfe8 26. hxg6 hxg6 27. Qh1 1-0

[Event "Lvov Tradition IM-A"]
[Site "Lvov"]
[Date "2017.03.22"]
[Round "2"]
[White "Khamidov, Komil"]
[Black "Bykovskiy, Oleg"]
[Result "0-1"]
[WhiteElo "2135"]
[BlackElo "2332"]
[PlyCount "46"]
[EventDate "2017.03.21"]
[EventType "tourn"]
[EventRounds "9"]
[EventCountry "UKR"]
[SourceTitle "CBM 177 Extra"]
[Source "ChessBase"]
[SourceDate "2017.04.27"]
[SourceVersion "1"]
[SourceVersionDate "2017.04.27"]
[SourceQuality "1"]

1. Nf3 Nf6 2. g3 g6 3. Bg2 Bg7 4. d4 0-0 5. c4 d5 6. cxd5 Nxd5 7. e4 Nb6 8. h3 c5 9. dxc5 Qxd1+ 10. Kxd1 Na4 11. Kc2 Nc6 12. a3 f5 13. e5 Nxc5 14. Re1 Be6 15. Nbd2 Rac8 16. b4 Nd7 17. Kb1 Ncxe5 18. Nxe5 Nxe5 19. Bf1 Rfd8 20. Re3 f4 21. gxf4 Bf5+ 22. Ka2 Rc2+ 23. Kb3 Nc6 0-1

[Event "Lvov Tradition IM-A"]
[Site "Lvov"]
[Date "2017.03.21"]
[Round "1"]
[White "Sevostianov, Pavel"]
[Black "Khamidov, Komil"]
[Result "1/2-1/2"]
[WhiteElo "2248"]
[BlackElo "2135"]
[PlyCount "55"]
[EventDate "2017.03.21"]
[EventType "tourn"]
[EventRounds "9"]
[EventCountry "UKR"]
[SourceTitle "CBM 177 Extra"]
[Source "ChessBase"]
[SourceDate "2017.04.27"]
[SourceVersion "1"]
[SourceVersionDate "2017.04.27"]
[SourceQuality "1"]

1. d4 e6 2. c4 Nf6 3. Nc3 Bb4 4. Qc2 0-0 5. a3 Bxc3+ 6. Qxc3 b6 7. Bg5 Bb7 8. f3 h6 9. Bh4 d5 10. e3 Re8 11. Bd3 Nbd7 12. Ne2 e5 13. 0-0 c5 14. Rae1 Rc8 15. Bf5 cxd4 16. exd4 Rxc4 17. Qd2 Nc5 18. Bb1 Nb3 19. Qd3 Nc5 20. Qd1 Ncd7 21. Bf5 g5 22. Bf2 Rc7 23. Nc3 Ba6 24. Bd3 Bxd3 25. Qxd3 Rc6 26. Qf5 Rce6 27. Qh3 Qc8 28. Nb5 1/2-1/2

[Event "Krakow op-A 27th"]
[Site "Krakow"]
[Date "2017.01.03"]
[Round "8"]
[White "Polok, Kacper"]
[Black "Khamidov, Komil"]
[Result "1-0"]
[WhiteElo "2299"]
[BlackElo "2118"]
[PlyCount "41"]
[EventDate "2016.12.27"]
[EventType "swiss"]
[EventRounds "9"]
[EventCountry "POL"]
[SourceTitle "CBM 176 Extra"]
[Source "ChessBase"]
[SourceDate "2017.03.02"]
[SourceVersion "1"]
[SourceVersionDate "2017.03.02"]
[SourceQuality "1"]

1. e4 e5 2. Nf3 Nc6 3. d4 exd4 4. Nxd4 Bc5 5. Nb3 Bb6 6. Nc3 Nge7 7. Qe2 0-0 8. Bg5 f6 9. Be3 d6 10. 0-0-0 f5 11. f4 fxe4 12. h3 Ng6 13. g3 Bxe3+ 14. Qxe3 Nce7 15. Bc4+ Kh8 16. Nxe4 d5 17. Ng5 c6 18. Bd3 Qb6 19. Rde1 Bf5 20. Nd4 Bxd3 21. Qxd3 1-0

[Event "Krakow op-B 26th"]
[Site "Krakow"]
[Date "2016.01.03"]
[Round "8"]
[White "Czerw, Dawid"]
[Black "Khamidov, Komil"]
[Result "1/2-1/2"]
[WhiteElo "2088"]
[BlackElo "2076"]
[PlyCount "55"]
[EventDate "2015.12.27"]
[EventType "swiss"]
[EventRounds "9"]
[EventCountry "POL"]
[SourceTitle "CBM 170 Extra"]
[Source "ChessBase"]
[SourceDate "2016.02.25"]
[SourceVersion "1"]
[SourceVersionDate "2016.02.25"]
[SourceQuality "1"]

1. d4 Nf6 2. c4 e6 3. g3 d5 4. Nf3 Be7 5. Bg2 0-0 6. 0-0 dxc4 7. Qc2 a6 8. a4 Bd7 9. Qxc4 Bc6 10. Bg5 b5 11. Qc1 b4 12. Nbd2 Bb7 13. Nb3 Bd5 14. Bxf6 Bxf6 15. Nbd2 Nd7 16. e4 Bb7 17. Qc2 e5 18. d5 a5 19. Rac1 Rc8 20. Nc4 Ba6 21. Nxa5 Bxf1 22. Nc6 Bxg2 23. Nxd8 Bxf3 24. Nc6 Bg5 25. Re1 f5 26. h4 Bf6 27. exf5 e4 28. a5 1/2-1/2

[Event "Krakow op-B 26th"]
[Site "Krakow"]
[Date "2016.01.02"]
[Round "6"]
[White "Krasiewicz, Robert"]
[Black "Khamidov, Komil"]
[Result "1/2-1/2"]
[WhiteElo "2073"]
[BlackElo "2076"]
[PlyCount "57"]
[EventDate "2015.12.27"]
[EventType "swiss"]
[EventRounds "9"]
[EventCountry "POL"]
[SourceTitle "CBM 170 Extra"]
[Source "ChessBase"]
[SourceDate "2016.02.25"]
[SourceVersion "1"]
[SourceVersionDate "2016.02.25"]
[SourceQuality "1"]

1. c4 g6 2. g3 Bg7 3. Bg2 d6 4. Nc3 e5 5. e4 Be6 6. d3 Qd7 7. Be3 c5 8. Rb1 Nc6 9. a3 Nge7 10. b4 b6 11. Qd2 h5 12. h3 Rb8 13. Nf3 f6 14. Nd5 0-0 15. b5 Nd4 16. Nxd4 cxd4 17. Nxe7+ Qxe7 18. Bh6 g5 19. Bxg7 Qxg7 20. Qe2 Qg6 21. Bf3 Bf7 22. Qd1 Ra8 23. Qa4 Rfe8 24. Ra1 Qh6 25. Qb4 Qf8 26. a4 a5 27. Qd2 Bg6 28. Qe2 Qf7 29. g4 1/2-1/2

[Event "POL-ch U18"]
[Site "Karpacz"]
[Date "2015.03.18"]
[Round "5"]
[White "Tomczak, Mikolaj"]
[Black "Khamidov, Komil"]
[Result "1-0"]
[WhiteElo "2289"]
[BlackElo "2058"]
[PlyCount "137"]
[EventDate "2015.03.15"]
[EventType "swiss"]
[EventRounds "9"]
[EventCountry "POL"]
[SourceTitle "EXT 2017"]
[Source "ChessBase"]
[SourceDate "2016.10.25"]
[SourceVersion "1"]
[SourceVersionDate "2016.10.25"]
[SourceQuality "1"]

1. d4 d5 2. c4 e6 3. Nc3 Nf6 4. Bg5 Nbd7 5. cxd5 exd5 6. e3 c6 7. Bd3 Be7 8. Qc2 Nf8 9. Nf3 Bg4 10. Ne5 Bh5 11. f4 N6d7 12. Bxe7 Qxe7 13. 0-0 Nxe5 14. dxe5 0-0-0 15. Nb5 Kb8 16. Nd4 f6 17. Nf5 Qc7 18. exf6 gxf6 19. Qc3 Nd7 20. Rac1 Bg6 21. Rfd1 Rhe8 22. Bb1 Qb6 23. Rd4 Ka8 24. Kf2 Nf8 25. Rb4 Qa5 26. Rd4 Qc7 27. Rd2 Ne6 28. g3 Qb6 29. Nd4 Bxb1 30. Nxe6 Rxe6 31. Rxb1 Rde8 32. Re1 a6 33. Rd4 Qd8 34. b4 Re4 35. Rxe4 Rxe4 36. Rd1 Qe8 37. Rd4 Qh5 38. h4 Qg4 39. Qc5 Re8 40. b5 axb5 41. a4 Rg8 42. axb5 Qxg3+ 43. Ke2 Qg2+ 44. Kd3 Qf1+ 45. Kc3 Qc1+ 46. Kb4 Qb2+ 47. Ka5 Qxb5+ 48. Qxb5 cxb5 49. Rxd5 Re8 50. Rf5 b4 51. Kxb4 Rxe3 52. Rxf6 Rh3 53. Kc5 Ka7 54. Kd6 Rxh4 55. f5 b5 56. Re6 b4 57. f6 Rf4 58. Ke7 b3 59. Re3 Rb4 60. f7 Rb7+ 61. Kf6 b2 62. Ra3+ Kb6 63. f8Q b1Q 64. Qd6+ Kb5 65. Qd5+ Kb6 66. Qa5+ Kc6 67. Rc3+ Kd6 68. Qe5+ Kd7 69. Qe7# 1-0

[Event "POL-ch U18"]
[Site "Karpacz"]
[Date "2015.03.17"]
[Round "4"]
[White "Khamidov, Komil"]
[Black "Snihur, Piotr"]
[Result "1-0"]
[WhiteElo "2058"]
[BlackElo "2247"]
[PlyCount "81"]
[EventDate "2015.03.15"]
[EventType "swiss"]
[EventRounds "9"]
[EventCountry "POL"]
[SourceTitle "EXT 2017"]
[Source "ChessBase"]
[SourceDate "2016.10.25"]
[SourceVersion "1"]
[SourceVersionDate "2016.10.25"]
[SourceQuality "1"]

1. d4 Nf6 2. Nf3 e6 3. c4 Bb4+ 4. Bd2 Qe7 5. Qc2 Bxd2+ 6. Nbxd2 c5 7. e3 Nc6 8. a3 b6 9. Be2 d6 10. 0-0 0-0 11. Rfd1 Bb7 12. Nf1 Rac8 13. Qa4 cxd4 14. Nxd4 d5 15. cxd5 Nxd4 16. Rxd4 Bxd5 17. Rad1 Rc5 18. e4 Bc6 19. Qb4 Qc7 20. f3 h6 21. Ne3 Nh5 22. Qd2 Nf4 23. Bc4 b5 24. Bf1 Rh5 25. g3 Nh3+ 26. Bxh3 Rxh3 27. Rd8 Rh5 28. g4 Rg5 29. b4 h5 30. Rxf8+ Kxf8 31. Qd6+ Qxd6 32. Rxd6 Be8 33. h4 Re5 34. Kf2 hxg4 35. Nxg4 Rh5 36. Kg3 f5 37. Nf2 fxe4 38. Nxe4 Re5 39. Ra6 Bg6 40. Nc5 Bf7 41. Nd7+ 1-0

[Event "POL-ch U18"]
[Site "Karpacz"]
[Date "2015.03.15"]
[Round "1"]
[White "Nowak, Lukasz1111"]
[Black "Khamidov, Komil"]
[Result "1-0"]
[WhiteElo "2158"]
[BlackElo "2058"]
[PlyCount "59"]
[EventDate "2015.03.15"]
[EventType "swiss"]
[EventRounds "9"]
[EventCountry "POL"]
[SourceTitle "EXT 2017"]
[Source "ChessBase"]
[SourceDate "2016.10.25"]
[SourceVersion "1"]
[SourceVersionDate "2016.10.25"]
[SourceQuality "1"]

1. e4 e5 2. Nf3 Nc6 3. Bb5 a6 4. Ba4 Nf6 5. 0-0 b5 6. Bb3 Bc5 7. Nc3 d6 8. Nd5 Na5 9. d4 Nxb3 10. axb3 Bxd4 11. Nxd4 exd4 12. Bg5 c6 13. Nxf6+ gxf6 14. Bh4 c5 15. e5 Rg8 16. Bxf6 Qd7 17. exd6 Qc6 18. Re1+ Be6 19. f3 Rg6 20. Be5 0-0-0 21. b4 Rdg8 22. Bg3 h5 23. Re5 Rg5 24. bxc5 Rxe5 25. Bxe5 Qxc5 26. Qxd4 Qxc2 27. Bg3 h4 28. Qxh4 Qxb2 29. Rd1 a5 30. Qe4 1-0

[Event "Rewal op-A 19th"]
[Site "Rewal"]
[Date "2014.08.22"]
[Round "4"]
[White "Kumala, Aleksander"]
[Black "Khamidov, Komil"]
[Result "1/2-1/2"]
[WhiteElo "1984"]
[BlackElo "2082"]
[PlyCount "66"]
[EventDate "2014.08.19"]
[EventType "swiss"]
[EventRounds "9"]
[EventCountry "POL"]
[SourceTitle "EXT 2015"]
[Source "ChessBase"]
[SourceDate "2014.11.20"]
[SourceVersion "1"]
[SourceVersionDate "2014.11.20"]
[SourceQuality "1"]

1. d4 d6 2. Nf3 g6 3. e4 Nf6 4. Nc3 Bg7 5. Bc4 0-0 6. 0-0 Nbd7 7. e5 Ng4 8. Ng5 Nb6 9. Bxf7+ Rxf7 10. e6 Rxf2 11. Qxg4 Rxf1+ 12. Kxf1 Qf8+ 13. Kg1 Qf5 14. Qh4 h6 15. Nf7 Qf6 16. Nxh6+ Bxh6 17. Qxh6 Bxe6 18. Be3 Rf8 19. Ne4 Qg7 20. Qg5 Bf5 21. Nf2 Nd5 22. c3 Qf6 23. Re1 Qxg5 24. Bxg5 b5 25. g4 Bc8 26. b3 Nxc3 27. Rxe7 Nd5 28. Re1 Bd7 29. h3 Re8 30. Rxe8+ Bxe8 31. Ne4 Kg7 32. Kf2 Nb4 33. Bd8 Nd5 1/2-1/2

[Event "Rewal op-A 19th"]
[Site "Rewal"]
[Date "2014.08.19"]
[Round "1"]
[White "Khamidov, Komil"]
[Black "Zubov, Alexander"]
[Result "0-1"]
[WhiteElo "2082"]
[BlackElo "2588"]
[PlyCount "74"]
[EventDate "2014.08.19"]
[EventType "swiss"]
[EventRounds "9"]
[EventCountry "POL"]
[SourceTitle "EXT 2015"]
[Source "ChessBase"]
[SourceDate "2014.11.20"]
[SourceVersion "1"]
[SourceVersionDate "2014.11.20"]
[SourceQuality "1"]

1. e4 d6 2. d4 Nf6 3. Nc3 g6 4. f4 Bg7 5. Nf3 0-0 6. Bd3 Na6 7. h3 c5 8. Be3 cxd4 9. Bxd4 Nc5 10. Qd2 b6 11. 0-0-0 Bb7 12. Rde1 Rc8 13. Kb1 Ne6 14. Be3 d5 15. e5 Ne4 16. Bxe4 dxe4 17. Qxd8 Rfxd8 18. Nd2 f6 19. exf6 exf6 20. g4 f5 21. Ne2 Ba6 22. gxf5 gxf5 23. Ng3 Rd5 24. Rhg1 Kf7 25. Nb3 Rcd8 26. a3 Bc4 27. Nc1 Nd4 28. b3 Ba6 29. c4 R5d7 30. Rg2 Ke6 31. Rd1 Nxb3 32. Rxd7 Rxd7 33. Nxb3 Rd3 34. Nf1 Rxb3+ 35. Ka2 Bxc4 36. Nd2 Rb2+ 37. Ka1 Bf6 0-1

[Event "POL-chT U19 45th"]
[Site "Maslow Pierwszy"]
[Date "2014.08.02"]
[Round "9"]
[White "Jarmula, Lukasz"]
[Black "Khamidov, Komil"]
[Result "1-0"]
[WhiteElo "2296"]
[BlackElo "2098"]
[PlyCount "29"]
[EventDate "2014.07.25"]
[EventType "team-tourn"]
[EventRounds "9"]
[EventCountry "POL"]
[SourceTitle "EXT 2015"]
[Source "ChessBase"]
[SourceDate "2014.11.20"]
[SourceVersion "1"]
[SourceVersionDate "2014.11.20"]
[SourceQuality "1"]
[WhiteTeam "Katowice Hetman Szopienice U19"]
[BlackTeam "Wroclaw KS Polonia U19"]
[WhiteTeamCountry "POL"]
[BlackTeamCountry "POL"]

1. e4 e6 2. d4 d5 3. Nc3 Nc6 4. Nf3 Nf6 5. e5 Ne4 6. Bd3 Bb4 7. 0-0 Nxc3 8. bxc3 Bxc3 9. Rb1 Bb4 10. Ng5 h6 11. Qh5 Qe7 12. Nxf7 0-0 13. Qg6 Qh4 14. Nxh6+ Kh8 15. Qh7# 1-0

[Event "Wroclaw op 9th"]
[Site "Wroclaw"]
[Date "2014.06.29"]
[Round "3"]
[White "Starczewska, Dominika"]
[Black "Khamidov, Komil"]
[Result "0-1"]
[WhiteElo "1981"]
[BlackElo "2098"]
[PlyCount "68"]
[EventDate "2014.06.29"]
[EventType "swiss"]
[EventRounds "9"]
[EventCountry "POL"]
[SourceTitle "EXT 2015"]
[Source "ChessBase"]
[SourceDate "2014.11.20"]
[SourceVersion "1"]
[SourceVersionDate "2014.11.20"]
[SourceQuality "1"]

1. e4 e5 2. Bc4 Nc6 3. Nc3 Nf6 4. d3 Na5 5. Bb3 Nxb3 6. axb3 d5 7. exd5 Nxd5 8. Qf3 Be6 9. Nge2 Nb4 10. 0-0 Nxc2 11. Ra5 c6 12. Rxe5 Bd6 13. Rxe6+ fxe6 14. Qh5+ g6 15. Qg4 Qd7 16. Bg5 0-0 17. Ne4 Be7 18. Nf4 Rf5 19. Bh6 Kh8 20. Ng5 Nd4 21. Re1 Bxg5 22. Bxg5 Re8 23. Qh4 Qg7 24. Re4 e5 25. Nh3 Qf7 26. f4 Nxb3 27. g4 Nd2 28. Kg2 Nxe4 29. dxe4 Rxf4 30. Nxf4 exf4 31. Bf6+ Kg8 32. e5 Qd5+ 33. Kg1 Qd1+ 34. Kf2 Qd2+ 0-1

[Event "Gora Sw Anny op-A 7th"]
[Site "Gora Sw Anny"]
[Date "2014.03.01"]
[Round "9"]
[White "Khamidov, Komil"]
[Black "Malinovsky, Petr"]
[Result "1-0"]
[WhiteElo "2165"]
[BlackElo "2008"]
[PlyCount "103"]
[EventDate "2014.02.22"]
[EventType "swiss"]
[EventRounds "10"]
[EventCountry "POL"]
[SourceTitle "CBM 159 Extra"]
[Source "ChessBase"]
[SourceDate "2014.04.24"]
[SourceVersion "1"]
[SourceVersionDate "2014.04.24"]
[SourceQuality "1"]

1. e4 c5 2. Nf3 e6 3. d4 cxd4 4. Nxd4 Nf6 5. Nc3 Nc6 6. Ndb5 Bc5 7. Bf4 0-0 8. e5 Ne8 9. Ne4 Be7 10. Bd3 a6 11. Nbd6 f5 12. exf6 Nxf6 13. Qd2 e5 14. Be3 Nxe4 15. Bxe4 Bxd6 16. Qxd6 Qf6 17. Qd3 h6 18. 0-0-0 Kh8 19. h4 d5 20. Qxd5 Be6 21. Qd2 Rad8 22. Qe1 Rxd1+ 23. Qxd1 Rd8 24. Qh5 Bf7 25. Qf5 Qxf5 26. Bxf5 g6 27. Be4 Kg7 28. a3 Be8 29. b3 Rd7 30. Kb2 Ne7 31. c4 Nf5 32. Bc1 h5 33. Bg5 Bf7 34. Re1 Nd4 35. Bb1 Nc6 36. Kc3 b6 37. Bc2 Rc7 38. Kb2 Rd7 39. Rd1 Rxd1 40. Bxd1 Be6 41. Bf3 Bd7 42. Be4 b5 43. Kc3 Kf7 44. Bd5+ Kg7 45. cxb5 axb5 46. a4 bxa4 47. bxa4 Kf8 48. Bf6 Ke8 49. Kb3 Na5+ 50. Kb4 Nc6+ 51. Kc5 Na5 52. Kb6 1-0

[Event "Gora Sw Anny op-A 7th"]
[Site "Gora Sw Anny"]
[Date "2014.02.28"]
[Round "8"]
[White "Lizak, Jakub"]
[Black "Khamidov, Komil"]
[Result "1-0"]
[WhiteElo "1948"]
[BlackElo "2165"]
[PlyCount "91"]
[EventDate "2014.02.22"]
[EventType "swiss"]
[EventRounds "10"]
[EventCountry "POL"]
[SourceTitle "CBM 159 Extra"]
[Source "ChessBase"]
[SourceDate "2014.04.24"]
[SourceVersion "1"]
[SourceVersionDate "2014.04.24"]
[SourceQuality "1"]

1. e4 g6 2. d4 Bg7 3. Nc3 c6 4. Nf3 d5 5. h3 Nh6 6. Bf4 f6 7. exd5 cxd5 8. Nb5 Na6 9. c4 Nf7 10. cxd5 Qxd5 11. Nc3 Qf5 12. Bg3 0-0 13. Be2 Nb4 14. 0-0 Rd8 15. a3 Nd5 16. Rc1 Be6 17. Re1 Nxc3 18. bxc3 Bd5 19. c4 Bc6 20. d5 Be8 21. Nd4 Qd7 22. Ne6 Rdc8 23. Qd4 Bh6 24. Rb1 b6 25. c5 Nd8 26. c6 Nxe6 27. cxd7 Nxd4 28. dxc8Q Rxc8 29. Ba6 Rd8 30. Rxe7 Bf8 31. Rxa7 b5 32. Bb7 Bc5 33. Ra8 Rxa8 34. Bxa8 Bxa3 35. Re1 Bd7 36. d6 Nf5 37. Bf4 g5 38. Bh2 Kf8 39. Rd1 b4 40. Be4 Ke8 41. Rd5 Ng7 42. Ra5 Bc1 43. Ra8+ Kf7 44. Bxh7 Ne8 45. Ra7 Ke6 46. Bg8+ 1-0

[Event "Gora Sw Anny op-A 7th"]
[Site "Gora Sw Anny"]
[Date "2014.02.27"]
[Round "7"]
[White "Khamidov, Komil"]
[Black "Plichta, Kamil"]
[Result "1/2-1/2"]
[WhiteElo "2165"]
[BlackElo "2248"]
[PlyCount "108"]
[EventDate "2014.02.22"]
[EventType "swiss"]
[EventRounds "10"]
[EventCountry "POL"]
[SourceTitle "CBM 159 Extra"]
[Source "ChessBase"]
[SourceDate "2014.04.24"]
[SourceVersion "1"]
[SourceVersionDate "2014.04.24"]
[SourceQuality "1"]

1. e4 d6 2. d4 Nf6 3. Nc3 e5 4. dxe5 dxe5 5. Qxd8+ Kxd8 6. f4 Bb4 7. Bd3 Nc6 8. Nf3 Bg4 9. fxe5 Nd7 10. Bg5+ Ke8 11. h3 Bxf3 12. gxf3 Ndxe5 13. Be2 Nd4 14. Kf2 Bxc3 15. bxc3 Nxe2 16. Kxe2 f6 17. Be3 b6 18. Rad1 Ke7 19. Rd4 Rhd8 20. Rhd1 Rd6 21. Bf4 Ke6 22. Bg3 g5 23. f4 gxf4 24. Bxf4 Rg8 25. Kf2 Rg7 26. Re1 Rc6 27. Re3 Rc5 28. Ra4 Nc4 29. Rf3 a5 30. Be3 Rc6 31. Bd4 Rg6 32. Rf5 Rh6 33. h4 Nb2 34. Ra3 Nc4 35. Ra4 Nd6 36. Rf4 Nb5 37. Ke3 Nxc3 38. Bxc3 Rxc3+ 39. Kd2 Rc5 40. Ra3 Rg6 41. Raf3 Ke7 42. Kd3 Rc6 43. Rf5 Rg2 44. Rh5 Rgxc2 45. Rxh7+ Ke6 46. Ke3 R6c5 47. Kf4 Rxa2 48. Rd3 Rf2+ 49. Kg3 Re2 50. Kf3 Rec2 51. Rdd7 R5c3+ 52. Kf4 Rf2+ 53. Kg4 Rg2+ 54. Kf4 Rf2+ 1/2-1/2

[Event "Gora Sw Anny op-A 7th"]
[Site "Gora Sw Anny"]
[Date "2014.02.25"]
[Round "5"]
[White "Khamidov, Komil"]
[Black "Oszczanowski, Witold"]
[Result "0-1"]
[WhiteElo "2165"]
[BlackElo "2002"]
[PlyCount "64"]
[EventDate "2014.02.22"]
[EventType "swiss"]
[EventRounds "10"]
[EventCountry "POL"]
[SourceTitle "CBM 159 Extra"]
[Source "ChessBase"]
[SourceDate "2014.04.24"]
[SourceVersion "1"]
[SourceVersionDate "2014.04.24"]
[SourceQuality "1"]

1. e4 e6 2. d4 d5 3. e5 c5 4. c3 Nc6 5. Nf3 Bd7 6. a3 f6 7. b4 fxe5 8. b5 Nxd4 9. cxd4 exd4 10. Bf4 Nf6 11. Be2 Be7 12. 0-0 0-0 13. h3 Ne4 14. Bh2 Bd6 15. Ne5 Qc7 16. f4 c4 17. a4 d3 18. Bxd3 cxd3 19. Nxd3 a6 20. bxa6 Rxa6 21. Nd2 Nxd2 22. Qxd2 Rxa4 23. Rac1 Qb6+ 24. Kh1 Bb5 25. Rfe1 Bxd3 26. Qxd3 Bxf4 27. Bxf4 Raxf4 28. Rb1 Qc6 29. Rec1 Qd7 30. Rb6 Qf7 31. Kh2 Rf2 32. Re1 Qc7+ 0-1